Anorganické materiály

Bibliographic Details
Main Authors: Koman, Marian, 1953- (Author), Jamnický, Miroslav, 1948- (Author)
Format: Book
Language:Slovak
PhysicalDescription:179 s. fotogr., sch., tab. 25 cm
Published: V Bratislave Slovenská technická univerzita 2008
ISBN:9788022727983
Edition:2. preprac. vyd.
Series:Edícia vysokoškolských učebníc
Subjects:

MARC

LEADER 00000cam a2200000 a 4500
001 vtls009284789
003 SK-MaSNL
005 20260301125431.0
008 240315s2008 xo ol d p 000 0 slo
015 |a SNBA2008/04-01964 
020 |a 9788022727983  |q (brož.) 
035 |a 21D78573-E0C6-455D-9EF8-372AE0021584 
035 |a urn:nbn:sk:snk-aml7d2 
035 |a urn:nbn:sk:snk-am008tpi 
040 |a SNK  |b slo  |c SNK  |e AACR2 
041 0 |a slo 
044 |a xo  |c SK 
072 7 |a 620.1/.2  |x Náuka o materiáli  |2 konspekt 
072 7 |a 66  |x Chemický priemysel. Chemická technológia  |2 konspekt 
080 |a 620.2-039.6  |2 2001 
080 |a (075)  |2 2001 
080 |a 66:546  |2 2001 
100 1 |a Koman, Marian,  |d 1953-  |4 aut  |9 39997 
245 1 |a Anorganické materiály  |c Marian Koman, Miroslav Jamnický 
250 |a 2. preprac. vyd. 
260 |a V Bratislave  |b Slovenská technická univerzita  |c 2008 
300 |a 179 s.  |b fotogr., sch., tab.  |c 25 cm 
366 |e 100 výt. 
490 1 |a Edícia vysokoškolských učebníc 
504 |a Bibliogr. s. 174-176 
650 0 7 |a anorganické materiály  |2 SNKPH  |9 69746 
650 0 7 |a anorganická technológia  |2 SNKPH  |9 67328 
650 0 7 |a Inorganic materials  |2 SNKPHeng  |9 333767 
650 0 7 |a Inorganic technical chemistry  |2 SNKPHeng  |9 426055 
655 7 |a učebnice  |2 SNKPH  |9 22521 
655 7 |a Textbooks  |2 SNKPH  |9 276731 
700 1 |a Jamnický, Miroslav,  |d 1948-  |4 aut  |9 113862 
810 2 |a Slovenská technická univerzita v Bratislave.  |b Fakulta chemickej a potravinárskej technológie  |t Edícia vysokoškolských učebníc  |9 325646 
919 |a 978-8022727983 
958 |a NB 
958 |a OND 
968 |d 66/69 
999 |c 742413  |d 744343 
952 |a SNK  |b SNK  |y PREZ  |7 0  |p 17A0586292  |o snkSC 131691  |i snk2008/8868  |8 0  |0 0  |1 0  |4 0  |d 2008-04-17  |f 1  |l 0  |r 2025-06-23 00:00:00  |w 2026-02-23 
952 |a SNK  |b SNK  |y VYP  |7 0  |p 17A0586293  |o snkSC 131691 D1  |i snk2008/8869  |8 0  |0 0  |1 0  |4 0  |d 2008-04-17  |l 0  |r 2026-02-23 23:04:40  |w 2026-02-23